[Event "Drummondville"]
[Site "Drummondville CAN"]
[Date "1997.08.17"]
[Round "5"]
[White "Michaud, Jacques"]
[Black "Rousseau, Daniel"]
[Result "0-1"]
[WhiteElo "1666"]
[BlackElo "2017"]
[PlyCount "62"]
[GameId "2160767911932216"]
[EventDate "1997.08.15"]
[EventType "swiss"]
[EventRounds "5"]
[EventCountry "CAN"]
[SourceTitle "hb 2011"]

1. d4 Nf6 2. c4 g6 3. Nc3 Bg7 4. e4 d6 5. f3 O-O 6. Be3 e5 7. d5 Nh5 8. Nge2 f5 9. Qd2 f4 10. Bf2 Bf6 11. O-O-O Bh4 12. Qe1 Bxf2 13. Qxf2 a5 14. g4 fxg3 15. hxg3 Qf6 16. Qh2 Qxf3 17. Bg2 Qe3+ 18. Kc2 Bg4 19. Rd3 Qc5 20. b3 Na6 21. Rd2 Nb4+ 22. Kb2 Qe3 23. Rhd1 Rf2 24. Qg1 Bxe2 25. Bf1 Nxg3 26. Bxe2 Nxe2 27. Nxe2 Rxe2 28. Qxe3 Rxe3 29. a3 Na6 30. Rh2 Rf8 31. Rdh1 Rf7 0-1

[Event "Eastern Ontario op"]
[Site "Ottawa CAN"]
[Date "1997.06.14"]
[Round "1"]
[White "Fodor, John"]
[Black "Veltmann, Alfred"]
[Result "1-0"]
[WhiteElo "2051"]
[BlackElo "1921"]
[PlyCount "50"]
[GameId "2160767911965615"]
[EventDate "1997.06.14"]
[EventType "swiss"]
[EventRounds "5"]
[EventCountry "CAN"]

1. d4 Nf6 2. Nf3 d5 3. c4 e6 4. Nc3 Nbd7 5. Bg5 c6 6. e3 Be7 7. Bd3 h6 8. Bh4 dxc4 9. Bxc4 b5 10. Be2 a6 11. O-O Bb7 12. Qc2 Rc8 13. Rfd1 Qc7 14. Rac1 Nd5 15. Nxd5 exd5 16. Bxe7 Kxe7 17. e4 Qd6 18. e5 Qg6 19. Bd3 Qh5 20. b4 Rhf8 21. Re1 Kd8 22. a4 Qg4 23. axb5 axb5 24. Be2 Qe6 25. Bd3 Qe7 1-0

[Event "Eastern Ontario op"]
[Site "Ottawa CAN"]
[Date "1997.06.14"]
[Round "1"]
[White "Pacey, Kevin"]
[Black "Leimanis, Eriks"]
[Result "1/2-1/2"]
[WhiteElo "2277"]
[BlackElo "2026"]
[PlyCount "73"]
[GameId "2160767911965617"]
[EventDate "1997.06.14"]
[EventType "swiss"]
[EventRounds "5"]
[EventCountry "CAN"]
[SourceTitle "EXT 2022"]
[Source "ChessBase"]
[SourceDate "2021.10.06"]
[SourceVersion "1"]
[SourceVersionDate "2021.10.06"]
[SourceQuality "1"]

1. d4 Nf6 2. Nc3 d5 3. Bg5 e6 4. e4 dxe4 5. Nxe4 Be7 6. Bxf6 Bxf6 7. Nf3 O-O 8. Nxf6+ Qxf6 9. Bd3 Nd7 10. Qe2 c5 11. O-O-O cxd4 12. Nxd4 Nc5 13. Nf3 b6 14. Qe5 Qxe5 15. Nxe5 Bb7 16. f3 f6 17. Ng4 Rfd8 18. Bc4 Kf8 19. Ne3 Ba6 20. Bxa6 Nxa6 21. Rhe1 Rac8 22. a3 Nc5 23. Rxd8+ Rxd8 24. Nd1 e5 25. Ne3 Ne6 26. Rd1 Rxd1+ 27. Kxd1 Ke7 28. Kd2 Kd6 29. Kc3 g6 30. a4 Nc5 31. b3 f5 32. Kc4 Ne6 33. c3 Nc7 34. h4 h5 35. Kd3 Nd5 36. Nxd5 Kxd5 37. Ke3 1/2-1/2

[Event "Eastern Ontario op"]
[Site "Ottawa CAN"]
[Date "1997.06.14"]
[Round "1"]
[White "Veltmann, Martin"]
[Black "Kirby, Patrick"]
[Result "1/2-1/2"]
[WhiteElo "2141"]
[BlackElo "1987"]
[PlyCount "118"]
[GameId "2160767911965618"]
[EventDate "1997.06.14"]
[EventType "swiss"]
[EventRounds "5"]
[EventCountry "CAN"]

1. c4 e6 2. e4 d5 3. cxd5 exd5 4. exd5 Qxd5 5. Nc3 Qd8 6. Bb5+ c6 7. Bc4 Nf6 8. Qb3 Qc7 9. Nf3 Bd6 10. O-O O-O 11. d4 Nbd7 12. Bg5 Be7 13. Rfe1 Nb6 14. Rac1 Nxc4 15. Qxc4 Be6 16. d5 Bc8 17. Ne4 Nxe4 18. Qxe4 Bd6 19. dxc6 bxc6 20. Qxc6 Qb8 21. Rcd1 Bb4 22. Re8 Qb7 23. Rxf8+ Bxf8 24. Ne5 Qxc6 25. Nxc6 Be6 26. b3 h6 27. Be3 a6 28. f3 Rc8 29. Nd4 Rd8 30. Rc1 Bd5 31. Rc7 Bd6 32. Ra7 Bc5 33. Rxa6 Bxd4 34. Bxd4 Bxb3 35. axb3 Rxd4 36. Kf2 Rd2+ 37. Kg3 g6 38. h4 h5 39. b4 Rb2 40. Rb6 Kf8 41. Rb7 Kg7 42. b5 Kf6 43. b6 Ke6 44. Rb8 Kf6 45. b7 Rb4 46. Kf2 Ke7 47. Ke3 Kf6 48. g4 Kg7 49. g5 Rb5 50. f4 Rb4 51. Kd3 Rb5 52. Ke4 Kh7 53. Kd4 Kg7 54. Kc4 Rb1 55. Kd5 Rb2 56. Kd6 Rb1 57. f5 gxf5 58. Ke5 Rb5+ 59. Kf4 Rb4+ 1/2-1/2

[Event "Eastern Ontario op"]
[Site "Ottawa CAN"]
[Date "1997.06.14"]
[Round "2"]
[White "Gordon, David"]
[Black "Pacey, Kevin"]
[Result "1/2-1/2"]
[WhiteElo "2141"]
[BlackElo "2277"]
[PlyCount "82"]
[GameId "2160767911965619"]
[EventDate "1997.06.14"]
[EventType "swiss"]
[EventRounds "5"]
[EventCountry "CAN"]
[SourceTitle "EXT 2022"]
[Source "ChessBase"]
[SourceDate "2021.10.06"]
[SourceVersion "1"]
[SourceVersionDate "2021.10.06"]
[SourceQuality "1"]

1. d4 d5 2. c4 e6 3. Nc3 Nf6 4. cxd5 exd5 5. Bg5 Be7 6. e3 c6 7. Qc2 Nbd7 8. Bd3 O-O 9. Nge2 Re8 10. O-O Nf8 11. Bxf6 Bxf6 12. b4 a6 13. Rfc1 Be7 14. Rab1 Bd6 15. Na4 Re6 16. g3 Rh6 17. Bf5 Qg5 18. Bxc8 Rxc8 19. Nc5 Rc7 20. f4 Qe7 21. Qd2 Bxc5 22. bxc5 Nd7 23. Nc3 Nf6 24. Re1 Ng4 25. Re2 Re6 26. Nd1 Qf6 27. Nf2 Qf5 28. Rb3 Nxf2 29. Rxf2 Re4 30. Qb2 Qc8 31. Qb1 Qe8 32. Re2 Rxd4 33. exd4 Qxe2 34. Rxb7 Rxb7 35. Qxb7 Qe1+ 36. Kg2 Qe4+ 37. Kh3 Qe6+ 38. Kg2 Qe2+ 39. Kh3 Qe6+ 40. Kg2 Qe4+ 41. Kh3 Qe6+ 1/2-1/2

[Event "Eastern Ontario op"]
[Site "Ottawa CAN"]
[Date "1997.06.14"]
[Round "2"]
[White "Serdula, Jay"]
[Black "Veltmann, Martin"]
[Result "0-1"]
[WhiteElo "1918"]
[BlackElo "2141"]
[PlyCount "60"]
[GameId "2160767911965620"]
[EventDate "1997.06.14"]
[EventType "swiss"]
[EventRounds "5"]
[EventCountry "CAN"]

1. e4 e5 2. Nf3 Nc6 3. Bb5 a6 4. Ba4 Nf6 5. O-O b5 6. Bb3 Be7 7. Re1 d6 8. c3 O-O 9. h3 Bb7 10. d4 h6 11. Nbd2 Re8 12. g4 Bf8 13. Kh2 exd4 14. cxd4 Nb4 15. Bxf7+ Kxf7 16. Qb3+ d5 17. Ne5+ Kg8 18. Ng6 Nc6 19. Nf3 Kh7 20. Nxf8+ Rxf8 21. e5 Ne4 22. a4 b4 23. Kg2 a5 24. Be3 Ne7 25. Rac1 Ng6 26. Qc2 Nh4+ 27. Nxh4 Qxh4 28. Rf1 Ba6 29. Qxc7 Bxf1+ 30. Rxf1 Rac8 0-1

[Event "Eastern Ontario op"]
[Site "Ottawa CAN"]
[Date "1997.06.14"]
[Round "2"]
[White "Veltmann, Alfred"]
[Black "Tomalty, Alan"]
[Result "0-1"]
[WhiteElo "1921"]
[BlackElo "1861"]
[PlyCount "50"]
[GameId "2160767911965622"]
[EventDate "1997.06.14"]
[EventType "swiss"]
[EventRounds "5"]
[EventCountry "CAN"]

1. e4 e6 2. d4 d5 3. Nd2 c5 4. exd5 Qxd5 5. Ndf3 Nc6 6. Ne2 cxd4 7. Nexd4 Bc5 8. Be3 Nf6 9. Nxc6 Bxe3 10. fxe3 Qxc6 11. Bd3 Qb6 12. Qc1 Ng4 13. Ke2 O-O 14. h3 Nf6 15. g4 Bd7 16. Rg1 Rac8 17. g5 Nd5 18. a3 Bb5 19. Qd2 Rfd8 20. Rg4 Rxc2 21. Qxc2 Qxe3+ 22. Kd1 Qxf3+ 23. Qe2 Ne3+ 24. Ke1 Qh1+ 25. Kf2 Nxg4+ 0-1

[Event "Eastern Ontario op"]
[Site "Ottawa CAN"]
[Date "1997.06.14"]
[Round "2"]
[White "Yip, Michael"]
[Black "Leger, Manon"]
[Result "1-0"]
[WhiteElo "2163"]
[BlackElo "2101"]
[PlyCount "61"]
[GameId "2160767911965623"]
[EventDate "1997.06.14"]
[EventType "swiss"]
[EventRounds "5"]
[EventCountry "CAN"]
[SourceTitle "CFC 1997.08"]

1. c4 f5 2. d4 Nf6 3. g3 e6 4. Bg2 Be7 5. Nf3 d5 6. O-O O-O 7. b3 Ne4 8. Bb2 Nd7 9. Nbd2 Ndf6 10. Qc2 Bd7 11. Ne5 c6 12. e3 Be8 13. f3 Nxd2 14. Qxd2 Qc7 15. c5 b6 16. b4 b5 17. Bc3 Bf7 18. a4 a6 19. Ra3 Nd7 20. Nd3 Bf6 21. f4 g5 22. Rfa1 Qb7 23. Qa2 Rab8 24. Qb2 Ra8 25. Bf1 Bh5 26. Qa2 Rab8 27. axb5 axb5 28. Ra7 Qc8 29. Qa6 Rd8 30. Qa5 Bf3 31. Rc7 1-0

[Event "Eastern Ontario op"]
[Site "Ottawa CAN"]
[Date "1997.06.15"]
[Round "4"]
[White "Pacey, Kevin"]
[Black "Yip, Michael"]
[Result "1-0"]
[WhiteElo "2277"]
[BlackElo "2163"]
[PlyCount "55"]
[GameId "2160767911965626"]
[EventDate "1997.06.14"]
[EventType "swiss"]
[EventRounds "5"]
[EventCountry "CAN"]
[SourceTitle "EXT 2022"]
[Source "ChessBase"]
[SourceDate "2021.10.06"]
[SourceVersion "1"]
[SourceVersionDate "2021.10.06"]
[SourceQuality "1"]

1. d4 d5 2. e3 Nf6 3. Bd3 g6 4. Nd2 Bg7 5. f4 c5 6. c3 O-O 7. Ngf3 Nc6 8. O-O Qc7 9. Ne5 Nd7 10. Qf3 e6 11. Qh3 Ndxe5 12. fxe5 f5 13. exf6 Rxf6 14. Rxf6 Bxf6 15. Nf3 e5 16. Qg3 Qg7 17. e4 dxe4 18. Bc4+ Kh8 19. Ng5 Bxg5 20. Bxg5 Bf5 21. Qh4 Rf8 22. Bh6 Qf6 23. Qxf6+ Rxf6 24. dxc5 g5 25. Bxg5 Rg6 26. Bh4 Bh3 27. Bg3 Bg4 28. b4 1-0

[Event "Eastern Ontario op"]
[Site "Ottawa CAN"]
[Date "1997.06.15"]
[Round "4"]
[White "Veltmann, Alfred"]
[Black "Arseneau, Peter"]
[Result "1/2-1/2"]
[WhiteElo "1921"]
[BlackElo "1881"]
[PlyCount "80"]
[GameId "2160767911965627"]
[EventDate "1997.06.14"]
[EventType "swiss"]
[EventRounds "5"]
[EventCountry "CAN"]

1. e4 e5 2. Nf3 Nc6 3. Bb5 a6 4. Ba4 Nf6 5. O-O Be7 6. Re1 b5 7. Bb3 O-O 8. c3 d5 9. exd5 Nxd5 10. Nxe5 Nxe5 11. Rxe5 c6 12. d4 Bd6 13. Re1 Qh4 14. g3 Qh3 15. Qf3 Bg4 16. Qg2 Qh5 17. h4 Rae8 18. Be3 Bf3 19. Qh2 Re4 20. Bxd5 cxd5 21. Nd2 Re6 22. Nxf3 Qxf3 23. Qg2 Qh5 24. Bd2 Rfe8 25. Rxe6 Rxe6 26. f3 Bxg3 27. Qxg3 Rg6 28. Bg5 h6 29. f4 hxg5 30. hxg5 f6 31. Qg2 fxg5 32. Qxd5+ Kh7 33. f5 Qg4+ 34. Kf2 Rh6 35. Rh1 Qf4+ 36. Ke2 Rh2+ 37. Rxh2+ Qxh2+ 38. Ke3 g4 39. Qe6 Qh3+ 40. Kd2 g3 1/2-1/2

[Event "Eastern Ontario op"]
[Site "Ottawa CAN"]
[Date "1997.06.15"]
[Round "4"]
[White "Veltmann, Martin"]
[Black "Laszlo, Robert"]
[Result "1/2-1/2"]
[WhiteElo "2141"]
[BlackElo "1968"]
[PlyCount "133"]
[GameId "2160767911965628"]
[EventDate "1997.06.14"]
[EventType "swiss"]
[EventRounds "5"]
[EventCountry "CAN"]

1. c4 Nf6 2. Nc3 d5 3. d4 e6 4. Nf3 c6 5. Bf4 Bd6 6. Bxd6 Qxd6 7. e3 Ne4 8. Qc2 f5 9. Nd2 O-O 10. f3 Nxd2 11. Qxd2 e5 12. dxe5 Qxe5 13. cxd5 Rd8 14. Bc4 Be6 15. f4 Qd6 16. Rd1 Bf7 17. dxc6 Qxd2+ 18. Rxd2 Nxc6 19. Rxd8+ Rxd8 20. Bxf7+ Kxf7 21. Ke2 Ke6 22. Na4 Rd5 23. Rc1 Kd6 24. Nc3 Ra5 25. Rd1+ Ke6 26. a3 Rc5 27. Kf3 b5 28. e4 b4 29. exf5+ Rxf5 30. g4 Ra5 31. f5+ Ke7 32. Nd5+ Ke8 33. axb4 Ra2 34. Rd2 Ne5+ 35. Kf4 Rxb2 36. Rxb2 Nd3+ 37. Kg5 Nxb2 38. f6 Kf7 39. fxg7 Kxg7 40. Kf5 Kf7 41. Ke5 a5 42. b5 a4 43. Kd4 a3 44. Nb4 Ke6 45. h4 Nd1 46. b6 Kd7 47. g5 Nf2 48. Ke3 Nd1+ 49. Kf4 Nc3 50. Kf5 Nd5 51. Na2 Nxb6 52. Kf6 Ke8 53. Kg7 Nd5 54. Kxh7 Kf8 55. Kg6 Kg8 56. Kf5 Kg7 57. h5 Ne3+ 58. Ke4 Nf1 59. Kf4 Nd2 60. Nc3 Nb3 61. Ke5 Nc1 62. Kf5 a2 63. h6+ Kh7 64. Nxa2 Nxa2 65. Kf6 Nc3 66. g6+ Kxh6 67. g7 1/2-1/2

[Event "Eastern Ontario op"]
[Site "Ottawa CAN"]
[Date "1997.06.15"]
[Round "5"]
[White "Poulin, Rene"]
[Black "Daku, Zoltan"]
[Result "1-0"]
[WhiteElo "1819"]
[BlackElo "1647"]
[PlyCount "119"]
[GameId "2160767911965630"]
[EventDate "1997.06.14"]
[EventType "swiss"]
[EventRounds "5"]
[EventCountry "CAN"]
[SourceTitle "CFC 1997.08"]

1. e4 e5 2. Nf3 Nc6 3. Bb5 d6 4. O-O Bd7 5. c3 Be7 6. Re1 Nf6 7. d3 O-O 8. Nbd2 a6 9. Ba4 h6 10. Nf1 b5 11. Bc2 Nh7 12. Ng3 f5 13. exf5 Bxf5 14. Nxf5 Rxf5 15. d4 Rf8 16. dxe5 Nxe5 17. Nxe5 dxe5 18. Qxd8 Raxd8 19. Rxe5 Bd6 20. Re1 Nf6 21. Be3 Rfe8 22. Re2 Re7 23. Rae1 Rde8 24. Bg6 Rf8 25. Bd4 Rxe2 26. Rxe2 c5 27. Be5 Rd8 28. Rd2 Be7 29. Rxd8+ Bxd8 30. Bd6 c4 31. f3 Bb6+ 32. Kf1 Be3 33. Be5 Nd7 34. Bd4 Bxd4 35. cxd4 Nb6 36. Bc2 Kf8 37. Ke2 Ke7 38. Ke3 Ke6 39. Ke4 b4 40. g4 g5 41. f4 gxf4 42. Kxf4 Nd5+ 43. Kf3 Nf6 44. Be4 a5 45. h3 a4 46. Bc2 b3 47. axb3 cxb3 48. Bf5+ Kd6 49. h4 Kd5 50. Ke3 a3 51. bxa3 b2 52. g5 hxg5 53. hxg5 Nd7 54. Kd2 Kxd4 55. Kc2 Ne5 56. Kxb2 Nc4+ 57. Kb3 Nxa3 58. Kxa3 Ke5 59. g6 Kf6 60. Kb4 1-0

[Event "Eastern Ontario op"]
[Site "Ottawa CAN"]
[Date "1997.06.15"]
[Round "5"]
[White "Taylor, Gordon"]
[Black "Pacey, Kevin"]
[Result "1-0"]
[WhiteElo "2411"]
[BlackElo "2277"]
[PlyCount "43"]
[GameId "2160767911965631"]
[EventDate "1997.06.14"]
[EventType "swiss"]
[EventRounds "5"]
[EventCountry "CAN"]
[SourceTitle "EXT 2022"]
[Source "ChessBase"]
[SourceDate "2021.10.06"]
[SourceVersion "1"]
[SourceVersionDate "2021.10.06"]
[SourceQuality "1"]

1. d4 Nf6 2. c4 e6 3. g3 c5 4. Nf3 cxd4 5. Nxd4 d5 6. Bg2 e5 7. Nf3 d4 8. O-O Nc6 9. e3 d3 10. Nc3 Bb4 11. Nxe5 Nxe5 12. Qa4+ Nc6 13. Bxc6+ bxc6 14. Qxb4 d2 15. Bxd2 Qxd2 16. Rfd1 Qc2 17. Qd6 Nd7 18. Qxc6 Rb8 19. Nd5 h5 20. Qd6 Qe4 21. Rd4 Qe5 22. Nc7+ 1-0

[Event "Edmonton CC April"]
[Site "Edmonton CAN"]
[Date "1997.04.03"]
[Round "1"]
[White "Ottosen, David"]
[Black "Stefanyshyn, Jerry"]
[Result "1-0"]
[WhiteElo "2078"]
[BlackElo "1627"]
[PlyCount "91"]
[GameId "2160767911966158"]
[EventDate "1997.04.03"]
[EventType "swiss"]
[EventRounds "4"]
[EventCountry "CAN"]

1. e4 d6 2. Nc3 Nf6 3. d3 g6 4. g3 Bg7 5. Bg2 O-O 6. f4 e6 7. Nf3 Nc6 8. O-O Bd7 9. h3 Qc8 10. Kh2 Ne7 11. Be3 Bc6 12. Qd2 b6 13. g4 Nd7 14. Nd4 Bb7 15. f5 exf5 16. gxf5 Rd8 17. Qf2 Nf6 18. Qh4 Kf8 19. Bh6 Neg8 20. Bxg7+ Kxg7 21. Rf2 h6 22. fxg6 fxg6 23. Raf1 Rf8 24. e5 Bxg2 25. exf6+ Nxf6 26. Rxg2 Ng4+ 27. Rxg4 Rxf1 28. Qe7+ Kh8 29. Rxg6 Qf8 30. Qe3 Qf4+ 31. Qxf4 Rxf4 32. Rxh6+ Kg7 33. Ne6+ Kxh6 34. Nxf4 Rg8 35. Ne4 a5 36. a4 Rg7 37. Nf2 Rf7 38. Kg3 Kg5 39. h4+ Kf5 40. Ne4 Ke5 41. Ng6+ Kd4 42. h5 d5 43. Ng5 Rd7 44. h6 c6 45. Kf4 b5 46. Ne6# 1-0

[Event "Edmonton CC April"]
[Site "Edmonton CAN"]
[Date "1997.04.10"]
[Round "2"]
[White "Dewindt, Cor"]
[Black "Ottosen, David"]
[Result "0-1"]
[WhiteElo "1684"]
[BlackElo "2078"]
[PlyCount "58"]
[GameId "2160767911966159"]
[EventDate "1997.04.03"]
[EventType "swiss"]
[EventRounds "4"]
[EventCountry "CAN"]

1. b4 g6 2. Bb2 f6 3. e3 Nh6 4. d4 Bg7 5. c4 O-O 6. Be2 d6 7. Nc3 Nd7 8. Nf3 e5 9. dxe5 fxe5 10. e4 Nf6 11. Qc2 Nh5 12. Bc1 Nf4 13. Bxf4 exf4 14. Nd2 Qf6 15. Rc1 c6 16. f3 Be6 17. Nd1 d5 18. exd5 cxd5 19. c5 Qh4+ 20. Nf2 Nf5 21. Nf1 Ne3 22. Nxe3 fxe3 23. g3 exf2+ 24. Kxf2 Qd4+ 25. Kg2 Bf5 26. Qb3 Rae8 27. Rhe1 Qd2 28. Qxd5+ Qxd5 29. Bc4 Qxc4 0-1

[Event "Edmonton CC April"]
[Site "Edmonton CAN"]
[Date "1997.04.17"]
[Round "3"]
[White "Ottosen, David"]
[Black "Quiring, John"]
[Result "1-0"]
[WhiteElo "2078"]
[BlackElo "1970"]
[PlyCount "53"]
[GameId "2160767911966160"]
[EventDate "1997.04.03"]
[EventType "swiss"]
[EventRounds "4"]
[EventCountry "CAN"]

1. e4 e5 2. Nf3 d6 3. d4 exd4 4. Nxd4 Nf6 5. Nc3 Be7 6. Bc4 O-O 7. f3 Nbd7 8. Be3 c6 9. Qd2 Nb6 10. Bb3 d5 11. O-O-O c5 12. Nde2 d4 13. Qe1 Qe8 14. e5 Bd6 15. Nxd4 Bxe5 16. Ndb5 c4 17. Bxb6 cxb3 18. Bc5 Bf4+ 19. Kb1 bxc2+ 20. Kxc2 Bf5+ 21. Kb3 Qc6 22. Bxf8 Kxf8 23. Rd4 Nd7 24. Rxf4 Nc5+ 25. Ka3 Qa6+ 26. Na4 Qxb5 27. Nxc5 1-0

[Event "Edmonton CC August"]
[Site "Edmonton CAN"]
[Date "1997.08.07"]
[Round "1"]
[White "Ottosen, David"]
[Black "Day, Jonathan"]
[Result "1-0"]
[WhiteElo "2095"]
[BlackElo "1655"]
[PlyCount "71"]
[GameId "2160767911932217"]
[EventDate "1997.08.07"]
[EventType "swiss"]
[EventRounds "4"]
[EventCountry "CAN"]

1. e4 e5 2. Nf3 Nf6 3. Bc4 Nc6 4. d3 h6 5. O-O Bc5 6. c3 d6 7. Nbd2 Na5 8. Bxf7+ Kxf7 9. b4 Bxb4 10. cxb4 Nc6 11. Bb2 Be6 12. a3 Qd7 13. d4 Bg4 14. Qb3+ Ke7 15. dxe5 dxe5 16. Bxe5 Nxe5 17. Nxe5 Be6 18. Nxd7 Bxb3 19. Nxf6 Be6 20. Nd5+ Bxd5 21. exd5 Kd6 22. Rac1 Rac8 23. Nc4+ Kxd5 24. Rfd1+ Ke6 25. Na5 b6 26. Re1+ Kf7 27. Nc6 Rhe8 28. Rxe8 Rxe8 29. Nxa7 c5 30. bxc5 bxc5 31. g3 Re7 32. Nc6 Re4 33. Rxc5 Ra4 34. Ra5 Rxa5 35. Nxa5 Ke6 36. Kg2 1-0

[Event "Edmonton CC August"]
[Site "Edmonton CAN"]
[Date "1997.08.14"]
[Round "2"]
[White "Dean, Tim"]
[Black "Ottosen, David"]
[Result "0-1"]
[WhiteElo "1856"]
[BlackElo "2095"]
[PlyCount "130"]
[GameId "2160767911932218"]
[EventDate "1997.08.07"]
[EventType "swiss"]
[EventRounds "4"]
[EventCountry "CAN"]

1. f4 c5 2. Nf3 d5 3. e3 Nc6 4. d4 g6 5. c3 cxd4 6. exd4 Bf5 7. Bd3 Bxd3 8. Qxd3 e6 9. Be3 Bg7 10. Nbd2 Nge7 11. O-O O-O 12. Ne5 Nf5 13. Ndf3 Nce7 14. Bd2 h5 15. Ng5 Qe8 16. Rae1 f6 17. Nxe6 fxe5 18. fxe5 Qc6 19. Nxf8 Rxf8 20. Bg5 Qb6 21. Bxe7 Nxe7 22. Rxf8+ Kxf8 23. Qf3+ Ke8 24. Rf1 Bxe5 25. Re1 Bc7 26. Qxd5 Qd6 27. Qxd6 Bxd6 28. Re6 Bf4 29. Re1 Kd7 30. g3 Bg5 31. Kg2 Kd6 32. Kf3 Bd2 33. Re2 Bc1 34. Ke4 Nd5 35. c4 Nf6+ 36. Kd3 Nd7 37. b4 Bg5 38. a4 b6 39. Re8 a5 40. bxa5 bxa5 41. Ra8 h4 42. Rxa5 Bf6 43. gxh4 Nb8 44. Rb5 Nc6 45. Rb6 Kc7 46. c5 Bxh4 47. d5 Ne5+ 48. Ke4 Nd7 49. Rc6+ Kb7 50. a5 Nf6+ 51. Ke5 Ng4+ 52. Kd6 Bd8 53. h3 Ne3 54. a6+ Ka7 55. Kd7 Ba5 56. Rxg6 Nxd5 57. h4 Nf4 58. Rg4 Nh5 59. Rg6 Nf4 60. Rh6 Nd3 61. c6 Ne5+ 62. Ke6 Nxc6 63. Rg6 Nd4+ 64. Kd7 Nf3 65. Rg4 Ne5+ 0-1

[Event "Edmonton CC July"]
[Site "Edmonton CAN"]
[Date "1997.07.03"]
[Round "1"]
[White "Davies, Bob"]
[Black "Ottosen, David"]
[Result "0-1"]
[WhiteElo "1684"]
[BlackElo "2014"]
[PlyCount "36"]
[GameId "2160767911965578"]
[EventDate "1997.07.03"]
[EventType "swiss"]
[EventRounds "5"]
[EventCountry "CAN"]

1. g3 d5 2. Bg2 c6 3. Nf3 e6 4. O-O Nf6 5. Na3 Bd6 6. c4 O-O 7. b3 b6 8. Nc2 Ba6 9. d3 Nbd7 10. Ba3 c5 11. d4 dxc4 12. dxc5 Bxc5 13. Bxc5 Nxc5 14. Nd2 cxb3 15. axb3 Bb7 16. f3 Nd5 17. b4 Nxb4 18. Nxb4 Qd4+ 0-1

[Event "Edmonton CC July"]
[Site "Edmonton CAN"]
[Date "1997.07.10"]
[Round "2"]
[White "Ottosen, David"]
[Black "Cyr, Michel"]
[Result "1-0"]
[WhiteElo "2014"]
[BlackElo "1596"]
[PlyCount "97"]
[GameId "2160767911965579"]
[EventDate "1997.07.03"]
[EventType "swiss"]
[EventRounds "5"]
[EventCountry "CAN"]

1. d4 d5 2. c4 c6 3. Nf3 Nf6 4. Nc3 dxc4 5. a4 Bf5 6. Ne5 e6 7. f3 Bb4 8. e4 Bxe4 9. fxe4 Nxe4 10. Qf3 Qxd4 11. Qxf7+ Kd8 12. Bg5+ Nxg5 13. Qxg7 Bxc3+ 14. bxc3 Qxc3+ 15. Ke2 Qc2+ 16. Ke3 Qe4+ 17. Kd2 Qf4+ 18. Kc2 Qf2+ 19. Kc3 Ne4+ 20. Kxc4 Nd6+ 21. Kb3 Qb6+ 22. Kc2 Qf2+ 23. Kb3 Qb6+ 24. Bb5 Re8 25. Rhd1 cxb5 26. Nf7+ Kc7 27. Nxd6+ Nd7 28. Nxe8+ Kb8 29. Qxd7 bxa4+ 30. Kxa4 a5 31. Qd8+ Ka7 32. Qxb6+ Kxb6 33. Rd6+ Ka7 34. Rxe6 h5 35. Kxa5 Kb8+ 36. Kb6 Rxa1 37. Nd6 Ra6+ 38. Kc5 Rc6+ 39. Kd5 Ka7 40. Nxb7 Rxe6 41. Kxe6 Kxb7 42. Kf5 Kc7 43. Kg5 Kd7 44. Kxh5 Ke7 45. Kh6 Kf7 46. Kh7 Kf8 47. g4 Kf7 48. g5 Kf8 49. g6 1-0

[Event "Edmonton CC July"]
[Site "Edmonton CAN"]
[Date "1997.07.24"]
[Round "4"]
[White "Ottosen, David"]
[Black "Hughey, Micah"]
[Result "1-0"]
[WhiteElo "2014"]
[BlackElo "1926"]
[PlyCount "133"]
[GameId "2160767911965580"]
[EventDate "1997.07.03"]
[EventType "swiss"]
[EventRounds "5"]
[EventCountry "CAN"]

1. e4 e5 2. Nf3 Nc6 3. Bb5 a6 4. Ba4 Nf6 5. O-O Nxe4 6. d4 b5 7. Bb3 d5 8. dxe5 Be6 9. Nbd2 Bc5 10. Qe2 Nxd2 11. Bxd2 O-O 12. c3 Qe7 13. Bg5 Qd7 14. Rad1 h6 15. Bh4 Ne7 16. Nd4 Ng6 17. Bg3 Rad8 18. h3 Rfe8 19. Qh5 Bf8 20. Bc2 c5 21. Nxe6 Qxe6 22. Bf5 Qc6 23. e6 Nh8 24. exf7+ Nxf7 25. Bg6 Qe6 26. Bc7 Ra8 27. Rxd5 Re7 28. Bxf7+ Rxf7 29. Qe5 Qxe5 30. Bxe5 Re8 31. Rfd1 c4 32. Bd6 Re2 33. Bxf8 Rfxf2 34. Bc5 Rxg2+ 35. Kf1 Rxb2 36. a3 Rh2 37. Rh5 Kh7 38. Bg1 Rhc2 39. Rf5 Ra2 40. Bd4 Rh2 41. Rf3 Rh1+ 42. Bg1 Rah2 43. Rd7 Rxh3 44. Rxh3 Rxh3 45. Bd4 Rg3 46. Kf2 Rg6 47. Kf3 h5 48. Rd5 Rh6 49. Kg3 Kg6 50. Kh4 Rh8 51. Rg5+ Kf7 52. Rxg7+ Ke8 53. Ra7 Rh6 54. Kg5 Re6 55. Kxh5 Kd8 56. Kg5 Kc8 57. Kf5 Rh6 58. Ke5 Rg6 59. Kd5 Rh6 60. Kc5 Re6 61. Kb4 Kb8 62. Ka5 Rd6 63. Be5 Kxa7 64. Bxd6 Kb7 65. Bc5 Kc6 66. Bg1 Kb7 67. Bd4 1-0

[Event "Edmonton CC June"]
[Site "Edmonton CAN"]
[Date "1997.06.28"]
[Round "1"]
[White "Dewindt, Cor"]
[Black "Ottosen, David"]
[Result "0-1"]
[WhiteElo "1665"]
[BlackElo "2018"]
[PlyCount "60"]
[GameId "2160767911965582"]
[EventDate "1997.06.28"]
[EventType "swiss"]
[EventRounds "5"]
[EventCountry "CAN"]

1. b4 e5 2. Bb2 d6 3. e3 Be6 4. a3 Nd7 5. c4 Ngf6 6. d4 exd4 7. exd4 d5 8. Nd2 c6 9. Ngf3 Bd6 10. Bd3 O-O 11. Qc2 Re8 12. O-O Rc8 13. Rfe1 a5 14. c5 Bb8 15. Rac1 h6 16. Ne5 axb4 17. axb4 Nh5 18. b5 Nf4 19. Nxd7 Qg5 20. Bf1 Nxg2 21. Nf3 Nxe1+ 22. Nxg5 Nxc2 23. Nxe6 Rxe6 24. Rxc2 Bf4 25. bxc6 bxc6 26. Ne5 Bxe5 27. dxe5 Ra8 28. f4 Re7 29. Bd4 Ra4 30. Bh3 Rxd4 0-1

[Event "Edmonton CC June"]
[Site "Edmonton CAN"]
[Date "1997.06.28"]
[Round "2"]
[White "Ottosen, David"]
[Black "Brazeau, David"]
[Result "1-0"]
[WhiteElo "2018"]
[BlackElo "1778"]
[PlyCount "61"]
[GameId "2160767911965583"]
[EventDate "1997.06.28"]
[EventType "swiss"]
[EventRounds "5"]
[EventCountry "CAN"]

1. e4 e6 2. d4 d5 3. Nd2 Nf6 4. e5 Nfd7 5. a3 c5 6. c3 Nc6 7. Ndf3 cxd4 8. cxd4 f6 9. exf6 Nxf6 10. Bd3 Bd6 11. Ne2 O-O 12. O-O Bd7 13. Bg5 Be8 14. Nf4 Bxf4 15. Bxf4 Bh5 16. Be2 Qb6 17. Bd6 Rf7 18. Bc5 Qc7 19. Ng5 Bxe2 20. Qxe2 Rd7 21. Qxe6+ Kh8 22. Bd6 Qxd6 23. Qxd6 Rxd6 24. Nf7+ Kg8 25. Nxd6 Nxd4 26. Rfd1 Ne6 27. Rac1 b6 28. Rc8+ Rxc8 29. Nxc8 d4 30. Ne7+ Kf7 31. Nc6 1-0

[Event "Edmonton CC June"]
[Site "Edmonton CAN"]
[Date "1997.06.29"]
[Round "3"]
[White "Ottosen, David"]
[Black "Dean, Tim"]
[Result "0-1"]
[WhiteElo "2018"]
[BlackElo "1984"]
[PlyCount "68"]
[GameId "2160767911965584"]
[EventDate "1997.06.28"]
[EventType "swiss"]
[EventRounds "5"]
[EventCountry "CAN"]

1. e4 e5 2. Nf3 Nc6 3. d4 exd4 4. c3 d5 5. exd5 Qxd5 6. cxd4 Bg4 7. Be2 O-O-O 8. Be3 Bb4+ 9. Nc3 Nge7 10. O-O Qa5 11. Qb3 Be6 12. Qc2 Nf5 13. a3 Bxc3 14. bxc3 Nd6 15. Nd2 Bf5 16. Qb2 a6 17. c4 Ne4 18. Nxe4 Bxe4 19. c5 Qa4 20. Bd1 Qb5 21. Qa2 Rhf8 22. Be2 Qa4 23. Bd1 Qb5 24. a4 Qd3 25. Be2 Qc2 26. Bg4+ f5 27. Qe6+ Kb8 28. Rfc1 Qb2 29. Ra2 Qb4 30. Be2 Rfe8 31. Qf7 Bd5 32. Qxf5 Bxa2 33. Bf3 Nxd4 34. Bxd4 Re1+ 0-1